La vie de Jeanne d'Arc sur une Carte - Statistiques

Statistiques générales
  • Ce quiz a été pris 626 fois
  • Le résultat moyen est 11 sur 20
Réponses sur la Carte
Les réponses sont colorées sur une échelle allant du rouge au vert en fonction du pourcentage des utilisateurs qui les ont devinées à leur premier essai. Vous pouvez retrouver ces pourcentages ci-dessous.
 
Statistiques - réponses
Question Réponse % Correct
Avr. 1429 Elle contribua à libérer cette ville, ce qui lui valut son célèbre surnom posthume Orléans
96%
Juill. 1429 Elle conduisit Charles VII au sacre, dans cette ville Reims
86%
Fév.-Mai 1431 Elle y fut jugée puis condamnée à mort Rouen
85%
Son surnom le plus célèbre La Pucelle
79%
Guerre dont elle contribua à inverser le cours Guerre de Cent Ans
76%
Accusée d'hérésie, elle fut condamnée au... Bûcher
75%
Sept. 1429 Elle fut blessée par un carreau d'arbalète, lors de l'attaque de cette ville Paris
75%
1412 Ville de naissance de Jeanne d'Arc Domrémy
66%
Symbole royal ornant ce même étendard Fleur de lys
62%
Âge qu'elle avait lorsqu'elle les aurait entendues pour la première fois 13 ans
60%
Prénoms inscrits sur son étendard Marie
58%
Celle de Jeanne d'Arc eu lieu en 1920 Canonisation
56%
Prénoms inscrits sur son étendard Jésus
39%
Fév. 1429 Elle fit halte dans cette ville bourguignonne pour y entendre la messe Auxerre
38%
Nov. 1430 Elle y fut vendue aux Anglais pour dix mille livres tournois Arras
34%
Mai 1430 Elle y fut capturée par les Bourguignons, suite à une chute de cheval Compiègne
32%
Fév. 1429 Elle rencontra le dauphin Charles dans cette ville située sur la Vienne Chinon
30%
Voix célestes qu'elle aurait entendues Saint {Michel}
28%
Voix célestes qu'elle aurait entendues Sainte {Catherine}
19%
Voix célestes qu'elle aurait entendues Sainte {Marguerite}
15%
Aucun quiz correspondant
Distribution des résultats
% des personnes avec chaque résultat
Percentile par nombre de réponses
Votre historique - résultats
Vous n’avez pas pris ce quiz